000 00599nam a2200181Ia 4500
008 090122s9999 xx 000 0 und d
082 _b13231
_a920.71
100 _aझांडमन
_b"फेलिक्स,"
_cअनु
245 _aविशेष पर्व
260 _bसृजन एंटरप्राइजेस
_c2008
300 _a410
501 _aज्ञानदा ग्रंथ वितरण
600 _aझांडमन
630 _aविशेष पर्व
700 _aझांडमन
730 _aविशेष पर्व
942 _cBOOK
999 _c37308
_d37308